[Event "TUR-chT"]
[Site "Kocaeli"]
[Date "2014.08.26"]
[Round "10.3"]
[White "Yasar, Ugur"]
[Black "Tanrikulu, Erhan"]
[Result "0-1"]
[WhiteElo "1777"]
[BlackElo "2243"]
[PlyCount "96"]
[EventDate "2014.08.18"]
[EventType "team-tourn"]
[EventRounds "13"]
[EventCountry "TUR"]
[SourceTitle "CBM 162 Extra"]
[Source "ChessBase"]
[SourceDate "2014.10.17"]
[SourceVersion "1"]
[SourceVersionDate "2014.10.17"]
[SourceQuality "1"]
[WhiteTeam "Aliaga Genclik"]
[BlackTeam "Besiktas Jimnastik"]
[WhiteTeamCountry "TUR"]
[BlackTeamCountry "TUR"]

1. d4 d5 2. Bf4 Nf6 3. e3 Bf5 4. Nf3 e6 5. Bd3 Ne4 6. 0-0 Be7 7. c4 c6 8. Nc3 Nxc3 9. bxc3 Bxd3 10. Qxd3 Nd7 11. Rfb1 b6 12. Ne5 Nxe5 13. Bxe5 0-0 14. e4 Rc8 15. a4 Qd7 16. a5 dxc4 17. Qxc4 b5 18. Qe2 a6 19. Rd1 Rfd8 20. Rd3 Bd6 21. Bxd6 Qxd6 22. e5 Qe7 23. Rh3 c5 24. Qh5 h6 25. Rg3 Kh8 26. Rf3 Rc7 27. Rd3 cxd4 28. Rad1 Rxc3 29. Rxd4 Rxd4 30. Rxd4 Qg5 31. Qxg5 hxg5 32. h4 Ra3 33. hxg5 g6 34. f4 Rxa5 35. Rd6 Ra4 36. g3 a5 37. Rb6 Rb4 38. Kf2 Rb3 39. g4 a4 40. f5 gxf5 41. gxf5 exf5 42. g6 Kg7 43. gxf7 Kxf7 44. Rf6+ Ke7 45. Ke2 a3 46. Kd2 b4 47. Kc2 Rb2+ 48. Kc1 Rh2 0-1